| Tag |
First Indicator |
Second Indicator |
Subfields |
| LEADER |
00000cam a2200000 a 4500 |
| 001 |
in00001510121 |
| 005 |
20151021100528.0 |
| 008 |
980924s1999 nyuj b 001 0 eng |
| 010 |
|
|
|a 98046258
|
| 020 |
|
|
|a 0312220901 (cloth)
|
| 035 |
|
|
|a (OCoLC)39981732
|
| 035 |
|
|
|9 AJK8949AM
|
| 040 |
|
|
|a DLC
|c DLC
|d TXA
|d UtOrBLW
|
| 043 |
|
|
|a e-uk-en
|a e-uk---
|
| 049 |
|
|
|a TXAM
|
| 050 |
0 |
0 |
|a DA152
|b .W545 1999
|
| 082 |
0 |
0 |
|a 942.01
|2 21
|
| 100 |
1 |
|
|a Williams, Ann,
|d 1937-
|
| 245 |
1 |
0 |
|a Kingship and government in pre-conquest England, c. 500-1066 /
|c Ann Williams.
|
| 264 |
|
1 |
|a New York :
|b St. Martin's Press,
|c 1999.
|
| 300 |
|
|
|a xxvii, 243 pages :
|b genealogical tables ;
|c 23 cm.
|
| 336 |
|
|
|a text
|b txt
|2 rdacontent
|
| 337 |
|
|
|a unmediated
|b n
|2 rdamedia
|
| 338 |
|
|
|a volume
|b nc
|2 rdacarrier
|
| 490 |
1 |
|
|a British history in perspective
|
| 504 |
|
|
|a Includes bibliographical references (pages 222-230) and index.
|
| 651 |
|
0 |
|a Great Britain
|x Politics and government
|y 449-1066.
|
| 650 |
|
0 |
|a Monarchy
|z England
|x History
|y To 1500.
|
| 650 |
|
0 |
|a Anglo-Saxons
|x Kings and rulers.
|
| 830 |
|
0 |
|a British history in perspective.
|
| 948 |
|
|
|a c:dm
|
| 999 |
|
|
|a MARS
|
| 999 |
f |
f |
|s 0846308c-a8ec-39f6-b2dd-290b0b0b8ffc
|i b5b2c63b-e25d-3f47-a6ab-b35b403259a6
|t 0
|
| 952 |
f |
f |
|p normal
|a Texas A&M University
|b College Station
|c Sterling C. Evans Library
|d Evans: Library Stacks
|t 0
|e DA152 .W545 1999
|h Library of Congress classification
|i unmediated -- volume
|m A14825319895
|
| 998 |
f |
f |
|a DA152 .W545 1999
|t 0
|l Evans: Library Stacks
|